Coping with rapid urban growth (Record no. 102290)
[ view plain ]
| 000 -LEADER | |
|---|---|
| fixed length control field | 01262cam a2200265 4500 |
| 008 - FIXED-LENGTH DATA ELEMENTS--GENERAL INFORMATION | |
| fixed length control field | 020816n2002 000 0 eng u |
| 020 ## - INTERNATIONAL STANDARD BOOK NUMBER | |
| International Standard Book Number | 1842191063 |
| 022 ## - INTERNATIONAL STANDARD SERIAL NUMBER | |
| International Standard Serial Number | 14784971 |
| 035 ## - SYSTEM CONTROL NUMBER | |
| System control number | (Sirsi) u119358 |
| 050 ## - LIBRARY OF CONGRESS CALL NUMBER | |
| Classification number | 711.4 |
| 100 ## - MAIN ENTRY--PERSONAL NAME | |
| Personal name | Satterthwaite, D. |
| 245 ## - TITLE STATEMENT | |
| Title | Coping with rapid urban growth |
| 260 ## - PUBLICATION, DISTRIBUTION, ETC. | |
| Place of publication, distribution, etc. | London |
| Name of publisher, distributor, etc. | RICS |
| Date of publication, distribution, etc. | 2002 |
| 300 ## - PHYSICAL DESCRIPTION | |
| Extent | 33p. |
| Other physical details | ill. |
| Dimensions | 30cm. |
| 490 ## - SERIES STATEMENT | |
| Series statement | RICS Leading Edge Series |
| 520 ## - SUMMARY, ETC. | |
| Summary, etc. | Report showing that, contrary to predictions, more people worldwide continue to live in rural than urban areas and that, although they continue to grow at a rapid rate, many cities are coping well with such growth and that urban living standards are generally higher than elsewhere. Concludes that the key to success lies much more in good local government and planning, than it does in central government. |
| 650 ## - SUBJECT ADDED ENTRY--TOPICAL TERM | |
| Topical term or geographic name entry element | CITIES |
| 650 ## - SUBJECT ADDED ENTRY--TOPICAL TERM | |
| Topical term or geographic name entry element | SUSTAINABLE DEVELOPMENT |
| 650 ## - SUBJECT ADDED ENTRY--TOPICAL TERM | |
| Topical term or geographic name entry element | URBAN GROWTH |
| 690 ## - LOCAL SUBJECT ADDED ENTRY--TOPICAL TERM (OCLC, RLIN) | |
| Topical term or geographic name as entry element | DEVELOPMENT-SUSTAINABLE |
| 710 ## - ADDED ENTRY--CORPORATE NAME | |
| Corporate name or jurisdiction name as entry element | Royal Institution of Chartered Surveyors |
| Subordinate unit | Planning and Development Faculty |
| 9 (RLIN) | 4351 |
| 710 ## - ADDED ENTRY--CORPORATE NAME | |
| Corporate name or jurisdiction name as entry element | Royal Institution of Chartered Surveyors |
| 9 (RLIN) | 4900 |
| 856 ## - ELECTRONIC LOCATION AND ACCESS | |
| Uniform Resource Identifier | <a href="https://www.rics.org/site/scripts/download_info.aspx?downloadID=2655">https://www.rics.org/site/scripts/download_info.aspx?downloadID=2655</a> |
| Public note | View report on the RICS website... |
| 942 ## - ADDED ENTRY ELEMENTS (KOHA) | |
| Suppress in OPAC | 0 |
| Withdrawn status | Lost status | Source of classification or shelving scheme | Damaged status | Not for loan | Home library | Current library | Shelving location | Date acquired | Total Checkouts | Full call number | Barcode | Date last seen | Copy number | Price effective from | Koha item type |
|---|---|---|---|---|---|---|---|---|---|---|---|---|---|---|---|
| Dewey Decimal Classification | London | London | RICS Boxes | 23/09/2002 | RICS 2002/35 | 30066709 | 06/08/2019 | 1 | 06/08/2019 | Archive | |||||
| Dewey Decimal Classification | London | London | RICS Boxes | 23/09/2002 | RICS 2002/35 | 30066710 | 06/08/2019 | 2 | 06/08/2019 | Reference material | |||||
| Dewey Decimal Classification | London | London | RICS Boxes | 23/09/2002 | RICS 2002/35 | 30066712 | 06/08/2019 | 4 | 06/08/2019 | Book | |||||
| Dewey Decimal Classification | Virtual | Virtual | Online | 30/04/2003 | ONLINE PUBLICATION | 119358-2001 | 06/08/2019 | 1 | 06/08/2019 | Book |